Raw Food - Sudden Death - Statistics

General Stats
  • This quiz has been taken 183 times
    170 since last reset
  • The average score is 3 of 12
Answers on the Grid
Answers color-coded by a green-red scale on the quiz's grid according to % correct below.
Steak tartare
Yukhoe
Mett
Carpaccio
Sashimi
Tiradito
Mesclun
Poke
Stroganina
Guacamole
Shirazi salad
Pico de gallo
Gelato
Japanese-style peanuts
Mimosa salad
Cobb salad
Hummus
Laksa
Rasam
Bermuda fish chowder
Ema datshi
 
Answer Stats
Answer % Correct
Sashimi
62%
Guacamole
50%
Steak tartare
48%
Poke
41%
Pico de gallo
33%
Carpaccio
32%
Shirazi salad
12%
Mett
7%
Yukhoe
7%
Mesclun
6%
Tiradito
6%
Stroganina
2%
No matching quizzes found
Score Distribution
Percent of People with Each Score
Percentile by Number Answered
Your Score History
You have not taken this quiz since the last reset